000 00657nam a2200193 i 4500
001 182307
003 ES-MaACL
005 20250918183816.0
008 130801s1986 sp |||| | spa d
100 0 _aBogoliubov, Aleksei.
_929808
245 1 0 _aAgustín de Betancourt como arquitecto y urbanista /
_cAleksei Bogoliubov, José A. García-Diego.
260 _a[S.l. :
_bs.n.,
_c1986]
300 _aP. [35]-54 :
_bil. ;
_c21 cm.
595 _aSeparata de: Llull, vol. 9, 1986, 35-54.
600 1 7 _aBetancourt, Agustín de,
_d1758-1824
_2
_9152180
700 0 _aGarcía-Diego, José A.
_954541
852 _aES-MaACL
_j2317-F-9
999 _c182307
_d182307